000 00583nam a2200169 i 4500
001 80199
003 ES-MaACL
005 20230906174147.0
007 t|
008 041026s1934 xxk ||||1| eng d
245 0 4 _aThe history of the Kuramoto incident
_b: being a full account of the mysterious disappearance of a japanese Vice-Consul at Nanking in the summer of 1934.
260 _aShanghai :
_bThe Comacrib Press,
_c[1934]
300 _a73 p., [1] p. de lám. ;
_c25 cm.
600 1 4 _aKuramoto, Eimei.
_9149312
852 _aES-MaACL
_j1797-F-10
852 _aES-MaACL
_j1817-F-15
999 _c80199
_d80199